000 01198nam a22003377a 4500
003 CHAP
005 20220817042951.0
008 971013s1996 r 00010 d
010 _a61383
011 _a62355
035 _a66529
040 _cCHAP
090 _aTesis
100 0 0 _aPalacios Bautista, Hypatia.
_984806
245 _aCausas macroeconómicas de la devaluación del peso mexicano (1970-1994)
260 _aChapingo, Méx. :
_bEl autor,
_c1996
300 _a72 h.
_b; gráfs. ; anexos
502 _aTesis (Lic. en Comercio Internacional de Productos Agropecuarios) -- UACH. Departamento de Economía Agrícola
590 _aALEPH
_b10
_c20130110
_lUCH01
_h1342
590 _aBATCH-UPD
_b10
_c20130110
_lUCH01
_h1236
590 _aBATCH-UPD
_b10
_c20130410
_lUCH01
_h0804
590 _aBATCH-UPD
_b10
_c20130914
_lUCH01
_h1203
590 _aCONVERSION
_b10
_c20130109
_lUCH01
_h1333
650 1 4 _aDevaluación monetaria.
_932235
650 1 4 _aMéxico
_xCondiciones económicas.
650 1 4 _aPolítica económica
_zMéxico.
_990535
901 _aBK
942 _cFOLL
949 _bBC
_cTES
_d-151746
_eTS1
_h29724
_i66529
_si
949 _bBC
_cTES
_d33724000623906
_eTS2
_fc.2
_h29725
_i66529
_si
999 _c61383
_d61383